000 00360nam a2200145Ia 4500
008 240624s9999 xx 000 0 und d
041 _aeng
082 _a658.8 COP
100 _aCOPLEY PAUL
245 _aMARKETING COMMUNICATIONS MANAGEMENT ANAL
250 _a(2nd ed.)
260 _c2014
_aLondon
_bSage
300 _axv, 464 p.; 26 cm.
365 _cBPS
_b38
999 _c29111
_d29111